Biblioteca y Centro de Documentación

Vista normal Vista MARC

Entrada Nombre corporativo

Número de registros utilizados en: 2

001 - NÚMERO DE CONTROL

  • Campo de control: 41409

003 - IDENTIFICADOR DE NÚMERO DE CONTROL

  • Campo de control: ES-MaCES

005 - FECHA Y HORA DE LA ULTIMA MODIFICACION

  • Campo de control: 20250707143432.0

008 - ELEMENTOS DE DATOS DE LONGITUD FIJA

  • Campo de longitud fija: 250707|| azz||aabn | a|a d

040 ## - FUENTE DE LA CATALOGACIÓN

  • Agencia original de catalogación: ES-MaCES

110 1# - ENCABEZAMIENTO--NOMBRE CORPORATIVO

  • Nombre corporativo o de jurisdicción como elemento de entrada: España
  • Unidad subordinada: Ministerio de Derechos Sociales, Consumo y Agenda 2030

410 1# - TRAZADO VEÁSE--NOMBRE CORPORATIVO

  • Nombre corporativo o de jurisdicción como elemento de entrada: España
  • Unidad subordinada: Ministerio de Derechos Sociales y Agenda 2030
  • Subcampo de control: a

670 ## - FUENTE DE DATOS ENCONTRADOS

  • Fuente de citación: CD del CES
© CES, Consejo Económico y Social de España 2021